[Event "ICS rated blitz match"]
[Site "204.178.125.65"]
[Date "2000.02.18"]
[Round "?"]
[White "Amateur"]
[Black "Hossa"]
[Result "1/2-1/2"]
[WhiteElo "2472"]
[BlackElo "2354"]
[PlyCount "280"]

1. e4 d6 2. d4 Nf6 3. Nc3 g6 4. Be3 c6 5. Qd2 b5 6. Bd3 Nbd7 7. Nf3 e5 8. h3
exd4 9. Nxd4 b4 10. Nce2 c5 11. Nb3 Ne5 12. Bf4 Nxd3+ 13. Qxd3 Be6 14. Qb5+ Bd7
15. Qb7 Rb8 16. Qxa7 Ra8 17. Qb7 Rb8 18. Qa7 Qc8 19. Nxc5 Ra8 20. Nxd7 Rxa7 21.
Nxf6+ Kd8 22. Nd5 Qxc2 23. Be3 Qxe4 24. Bb6+ Kc8 25. Bxa7 Qxd5 26. Bd4 Rg8 27.
Rc1+ Kb7 28. O-O Bh6 29. Rcd1 Qxa2 30. Ng3 Ra8 31. Rfe1 Bf8 32. Ne4 f5 33. Ng5
h6 34. Ne6 Re8 35. Nxf8 Rxf8 36. Re7+ Kc6 37. Rc1+ Kd5 38. Bg7 Rg8 39. Rd1+ Kc6
40. Bxh6 Qxb2 41. Re6 g5 42. Rexd6+ Kb7 43. Rd7+ Kb6 44. R7d6+ Kc7 45. f4 g4
46. h4 g3 47. Rd7+ Kc6 48. R7d2 Qb3 49. Bg5 Rh8 50. Rd6+ Kc5 51. R6d3 Qc2 52.
R3d2 Qc4 53. Rd3 Re8 54. Rxg3 Qc2 55. Rdd3 Re1+ 56. Kh2 Qc1 57. Rgf3 Rh1+ 58.
Kg3 Qe1+ 59. Rf2 Kc4 60. Rdf3 Qd1 61. Bf6 Kb5 62. Bg5 b3 63. Be7 Kc4 64. Bf6
Kb4 65. Bc3+ Kc5 66. Bf6 Kd5 67. Be5 Ke6 68. Rb2 Qd8 69. Rfxb3 Qxh4+ 70. Kf3
Rf1+ 71. Ke3 Qe1+ 72. Kd4 Qe4+ 73. Kc3 Rc1+ 74. Kd2 Qe1+ 75. Kd3 Rc6 76. Rb8
Qg3+ 77. Kd2 Qxg2+ 78. Kd1 Qf1+ 79. Kd2 Qf2+ 80. Kd3 Qf3+ 81. Kd2 Rc4 82. Re8+
Kd5 83. Rb5+ Kc6 84. Rb2 Qd5+ 85. Ke1 Rc1+ 86. Kf2 Qc5+ 87. Ke2 Kd7 88. Reb8
Rc2+ 89. Kd1 Rxb2 90. Rxb2 Qe3 91. Rd2+ Kc6 92. Rd8 Qf2 93. Rd6+ Kb5 94. Rd7
Kc4 95. Kc1 Kb4 96. Rd4+ Kc5 97. Rd6 Qa2 98. Rd8 Qe2 99. Bd4+ Kb4 100. Be5 Kb3
101. Rb8+ Kc4 102. Rd8 Qf1+ 103. Rd1 Qf3 104. Rd4+ Kc3 105. Rd8+ Kb4 106. Kd2
Qg2+ 107. Ke3 Qh3+ 108. Ke2 Qh2+ 109. Kd3 Qg3+ 110. Ke2 Kb5 111. Rb8+ Kc5 112.
Rc8+ Kd5 113. Rd8+ Kc6 114. Rc8+ Kd7 115. Rh8 Qb3 116. Rh6 Qc2+ 117. Ke3 Qc1+
118. Kd4 Qd2+ 119. Kc5 Qc2+ 120. Kd4 Qa4+ 121. Kd5 Qe4+ 122. Kc5 Qe3+ 123. Kd5
Qd3+ 124. Kc5 Qa3+ 125. Kd4 Qb4+ 126. Kd5 Qa5+ 127. Kd4 Qa1+ 128. Kd5 Qa2+ 129.
Kd4 Qf2+ 130. Kd5 Qg2+ 131. Kd4 Ke7 132. Rh7+ Ke6 133. Rh6+ Kd7 134. Rd6+ Ke7
135. Rh6 Qe4+ 136. Kc5 Qc2+ 137. Kb5 Kd7 138. Rh7+ Ke6 139. Rg7 Kd5 140. Rd7+
Ke4 1/2-1/2

[Event "ICS rated blitz match"]
[Site "204.178.125.65"]
[Date "2000.02.18"]
[Round "?"]
[White "Hossa"]
[Black "Amateur"]
[Result "0-1"]
[WhiteElo "2359"]
[BlackElo "2467"]
[PlyCount "94"]

1. e4 c5 2. Nf3 Nc6 3. d4 cxd4 4. Nxd4 g6 5. Nc3 Bg7 6. Be3 Qa5 7. Qd2 Nf6 8.
Nb3 Qd8 9. Bh6 O-O 10. f3 d6 11. O-O-O Bxh6 12. Qxh6 Bd7 13. h4 a5 14. Bb5 Ne5
15. h5 a4 16. Nd4 a3 17. hxg6 axb2+ 18. Kxb2 fxg6 19. Nd5 Rf7 20. Nxf6+ exf6
21. Bxd7 Qxd7 22. Ra1 Qa4 23. Nb3 Rc7 24. Kb1 Nc4 25. c3 Na3+ 26. Kb2 Nb5 27.
c4 Na3 28. c5 dxc5 29. Qf4 Rf7 30. Rh4 c4 31. e5 fxe5 32. Qh6 Nb5 33. Kb1 Qa7
34. a4 cxb3 35. Rb4 Qg1+ 36. Qc1 Nc3+ 37. Kb2 Qxg2+ 38. Ka3 Qxf3 39. Qe1 b5 40.
Rh4 Nxa4 41. Kb4 b2 42. Rb1 Nc5 43. Qh1 Na6+ 44. Ka5 Nc7+ 45. Kb6 Ra6+ 46. Kc5
Qe3+ 47. Rd4 Qxd4# 0-1

[Event "ICS Rated bullet match"]
[Site "204.178.125.65"]
[Date "2000.02.18"]
[Round "?"]
[White "Osterhasi"]
[Black "Hossa"]
[Result "1/2-1/2"]
[WhiteElo "2123"]
[BlackElo "2467"]
[PlyCount "134"]

1. e4 d5 2. exd5 Nf6 3. c4 c6 4. d4 cxd5 5. Nc3 Nc6 6. Nf3 Bg4 7. cxd5 Nxd5 8.
Qb3 Bxf3 9. gxf3 Nb6 10. Be3 e6 11. O-O-O Qc7 12. Kb1 Rc8 13. d5 Nxd5 14. Nxd5
exd5 15. Bh3 Rd8 16. Rxd5 Be7 17. Rxd8+ Bxd8 18. Bc5 Be7 19. Bxe7 Qxe7 20. Qc3
O-O 21. Rg1 Qe5 22. Qxe5 Nxe5 23. Re1 Nxf3 24. Re7 Rd8 25. a3 Rb8 26. Bg2 Kf8
27. Rc7 Nxh2 28. Bd5 Rd8 29. Bb3 f5 30. Rf7+ Ke8 31. Rxg7 b5 32. Rxh7 Ng4 33.
f3 Ne5 34. f4 Nd3 35. Rxa7 Rd7 36. Rxd7 Kxd7 37. Bc2 Nxf4 38. Bxf5+ Kc6 39. b4
Ne2 40. Kb2 Kd6 41. Be4 Nd4 42. Kc3 Ne2+ 43. Kd3 Nf4+ 44. Kd4 Ne2+ 45. Ke3 Nc3
46. Bd3 Nd5+ 47. Kd4 Nc7 48. Be4 Ne6+ 49. Kc3 Nf4 50. Bd3 Nxd3 51. Kxd3 Ke5 52.
Kc3 Kd5 53. Kb3 Kc6 54. Kc3 Kd5 55. Kd3 Ke5 56. Ke3 Kd5 57. Kf4 Kd4 58. Kf5 Kd5
59. Kf6 Kd6 60. Kf7 Kd7 61. Kf6 Kd6 62. Kf5 Kd5 63. Kf4 Kd4 64. Kf5 Kd5 65. Kf4
Kd4 66. Kf5 Kd5 67. Kf6 Kd6 1/2-1/2

[Event "ICS rated blitz match"]
[Site "204.178.125.65"]
[Date "2000.02.18"]
[Round "?"]
[White "egya"]
[Black "Hossa"]
[Result "0-1"]
[WhiteElo "1980"]
[BlackElo "2348"]
[PlyCount "70"]

1. g3 e5 2. Bg2 d5 3. c4 c6 4. cxd5 cxd5 5. Qb3 Qc7 6. Nc3 d4 7. Nb5 Qc5 8. Bd5
Nh6 9. d3 f5 10. Bg5 Na6 11. Nf3 Qb4+ 12. Kf1 e4 13. dxe4 fxe4 14. Bxe4 Nf7 15.
Bd2 Bh3+ 16. Ke1 Qxb3 17. axb3 Rb8 18. Nfxd4 Bd7 19. Nxa7 Bc5 20. Nab5 Bc8 21.
Bc3 O-O 22. e3 Bd7 23. Ke2 Kh8 24. Rhd1 Ng5 25. Bd5 Nb4 26. Bc4 Bg4+ 27. f3
Nxf3 28. Bxb4 Nxd4+ 29. Kd3 Be2+ 30. Kc3 Bxb4+ 31. Kxd4 Rbd8+ 32. Ke5 Rfe8+ 33.
Kf4 Rxd1 34. Ra4 Rf1+ 35. Kg5 Be7# 0-1

[Event "ICS rated blitz match"]
[Site "204.178.125.65"]
[Date "2000.02.18"]
[Round "?"]
[White "Hossa"]
[Black "egya"]
[Result "1-0"]
[WhiteElo "2351"]
[BlackElo "1977"]
[PlyCount "45"]

1. e4 d6 2. d4 c6 3. Bd3 Nd7 4. Nf3 e5 5. O-O Be7 6. Be3 h6 7. dxe5 Nxe5 8.
Nxe5 dxe5 9. Qh5 Qd6 10. Bc4 g6 11. Qe2 Nf6 12. Rd1 Qc7 13. Nc3 O-O 14. Bxh6
Re8 15. Qd2 Bg4 16. f3 Rad8 17. Qf2 Bc8 18. Qxa7 Rxd1+ 19. Rxd1 Rd8 20. Bd3 Qd6
21. Be3 b5 22. Bc4 Qb4 23. Rxd8+ 1-0

[Event "ICS rated blitz match"]
[Site "204.178.125.65"]
[Date "2000.02.18"]
[Round "?"]
[White "egya"]
[Black "Hossa"]
[Result "0-1"]
[WhiteElo "1987"]
[BlackElo "2354"]
[PlyCount "28"]

1. g3 d5 2. Bg2 e5 3. c4 dxc4 4. Nc3 c6 5. Qa4 Be6 6. Nf3 b5 7. Nxb5 cxb5 8.
Qxb5+ Nd7 9. Nxe5 Rb8 10. Qa4 Rb4 11. Qc6 Ne7 12. Qe4 Bd5 13. Qf4 Nxe5 14. Qxe5
Bxg2 0-1

[Event "ICS rated standard match"]
[Site "204.178.125.65"]
[Date "2000.02.18"]
[Round "?"]
[White "Hossa"]
[Black "Greeneyes"]
[Result "1-0"]
[WhiteElo "2194"]
[BlackElo "2139"]
[PlyCount "88"]

1. d4 d5 2. Nf3 Nf6 3. c4 e6 4. Nc3 c6 5. e3 Nbd7 6. Bd3 Be7 7. cxd5 exd5 8.
O-O O-O 9. Qc2 Re8 10. Ng5 Nf8 11. Re1 h6 12. Nf3 Bg4 13. Ne5 Bd6 14. Nxg4 Nxg4
15. g3 Nf6 16. Bf5 Ne6 17. Bxe6 Rxe6 18. Rb1 Qd7 19. f3 Rae8 20. b4 b5 21. Bd2
Qc7 22. Ne2 Qb7 23. Rec1 Bb8 24. Rb3 Nd7 25. Nc3 Nb6 26. e4 dxe4 27. fxe4 Nc4
28. Be1 h5 29. Qe2 h4 30. Qg4 hxg3 31. hxg3 Rg6 32. Qh3 Qb6 33. Ne2 Ne5 34. Qf5
Ng4 35. Rc2 Re5 36. Qc8+ Kh7 37. Rbc3 Rxe4 38. Qf5 Rxe2 39. Rxe2 Qxd4+ 40. Kg2
Nh6 41. Qe4 Qd6 42. Rd3 Qc7 43. Qh4 a5 44. bxa5 Qxa5 1-0

[Event "ICS rated blitz match"]
[Site "204.178.125.65"]
[Date "2000.02.18"]
[Round "?"]
[White "QueenMaxima"]
[Black "Hossa"]
[Result "0-1"]
[WhiteElo "2382"]
[BlackElo "2357"]
[PlyCount "176"]

1. e4 c6 2. d4 d5 3. exd5 cxd5 4. c3 e6 5. Bb5+ Bd7 6. Bd3 Nf6 7. Bf4 Be7 8.
Nf3 Qb6 9. Qb3 Qxb3 10. axb3 O-O 11. Ke2 Nh5 12. Be3 Bd6 13. Ne5 Be8 14. Nd2 f6
15. Nef3 Nf4+ 16. Bxf4 Bxf4 17. Nf1 Bf7 18. b4 Nd7 19. Ne3 Bh5 20. Ra4 Nb6 21.
Ra5 Nc8 22. h3 Ne7 23. Rha1 Nc6 24. R5a4 Bb8 25. b5 Ne7 26. R1a3 e5 27. dxe5
fxe5 28. Rh4 g6 29. Raa4 e4 30. Bxe4 dxe4 31. Rhxe4 Bxf3+ 32. gxf3 Nc8 33. Rad4
Nd6 34. Re7 b6 35. Rd5 a6 36. Re6 axb5 37. Rexd6 Bxd6 38. Rxd6 Ra2 39. Nd1 Rb8
40. f4 Ra4 41. Kf3 Rf8 42. Rxb6 Raxf4+ 43. Ke2 R4f5 44. Rb7 Re5+ 45. Ne3 Rf4
46. Rc7 Rh4 47. Kf3 Rxh3+ 48. Kg2 Rhh5 49. Ng4 Re6 50. Rb7 Rg5 51. Kh3 h5 52.
Nh6+ Kf8 53. f4 Re3+ 54. Kh4 Rg1 55. f5 Re2 56. Kh3 g5 57. f6 Re3+ 58. Kh2 Rd1
59. Rb8+ Re8 60. Rxe8+ Kxe8 61. b4 Rf1 62. Ng8 Kf7 63. Kg2 Rf4 64. Ne7 Rxf6 65.
Nd5 Rc6 66. Kf3 Ke6 67. Ne3 Rxc3 68. Ke2 h4 69. Ng4 Rb3 70. Nf2 Rb2+ 71. Ke3
Rxf2 72. Kxf2 h3 73. Kg3 h2 74. Kxh2 Kd5 75. Kg3 Kc4 76. Kg4 Kxb4 77. Kxg5 Kc3
78. Kf4 b4 79. Ke5 b3 80. Kd5 b2 81. Ke4 b1=Q+ 82. Ke5 Qf1 83. Ke6 Kd4 84. Kd6
Qf6+ 85. Kd7 Kc5 86. Ke8 Qg7 87. Kd8 Kd6 88. Ke8 Qg8# 0-1

[Event "ICS rated blitz match"]
[Site "204.178.125.65"]
[Date "2000.02.18"]
[Round "?"]
[White "Hossa"]
[Black "PostModernist"]
[Result "0-1"]
[WhiteElo "2374"]
[BlackElo "2519"]
[PlyCount "142"]

1. d4 Nf6 2. c4 e6 3. g3 Bb4+ 4. Bd2 c5 5. Bxb4 cxb4 6. Bg2 O-O 7. Nf3 d6 8.
O-O Qc7 9. Nbd2 a5 10. e4 Bd7 11. Qe2 Nc6 12. Rfe1 e5 13. d5 Ne7 14. Qf1 Rfc8
15. Bh3 Qc5 16. Bxd7 Nxd7 17. Qh3 Nf6 18. g4 Ng6 19. g5 Nf4 20. Qf5 N6h5 21.
Nb3 Qa7 22. a3 a4 23. Nbd2 Nd3 24. Re3 Nxb2 25. axb4 Nxc4 26. Nxc4 Rxc4 27. Qd7
Nf4 28. Qxd6 Nh3+ 29. Kg2 Nxf2 30. Re2 Nd3 31. Nxe5 Nxe5 32. Qxe5 Rxb4 33. Qe7
Qd4 34. Rc1 Rb2 35. Rcc2 Qb4 36. Qxb4 Rxb4 37. Rc7 a3 38. Ra2 h5 39. d6 Rxe4
40. d7 Rf8 41. Rd2 a2 42. Rxa2 Rd4 43. Rxb7 Rd8 44. Raa7 Kf8 45. Kf3 Ke7 46. h3
R8xd7 47. Rxd7+ Rxd7 48. Rxd7+ Kxd7 49. g6 f5 50. Kf4 Ke6 51. Kf3 Kf6 52. Kf4
Kxg6 53. Kg3 Kg5 54. Kg2 Kf4 55. Kf2 h4 56. Ke1 Ke3 57. Kd1 f4 58. Kc2 f3 59.
Kc3 f2 60. Kc4 f1=Q+ 61. Kd5 Qxh3 62. Kc6 Qg2+ 63. Kd6 Qg3+ 64. Kc5 h3 65. Kd5
h2 66. Kc5 h1=Q 67. Kb5 Qd5+ 68. Ka4 Qc4+ 69. Ka3 Kd2+ 70. Kb2 Qc1+ 71. Ka2
Qga3# 0-1

[Event "ICS rated blitz match"]
[Site "204.178.125.65"]
[Date "2000.02.18"]
[Round "?"]
[White "Hossa"]
[Black "Bannon"]
[Result "1-0"]
[WhiteElo "2364"]
[BlackElo "2078"]
[PlyCount "34"]

1. c4 b5 2. cxb5 a6 3. bxa6 c5 4. e4 Bxa6 5. Bxa6 Rxa6 6. Nc3 g6 7. d4 cxd4 8.
Qxd4 Nf6 9. Bg5 Bg7 10. e5 Re6 11. f4 h6 12. Bh4 g5 13. Nf3 Nc6 14. Qc5 gxf4
15. O-O Ng4 16. Rac1 O-O 17. Nd5 d6 1-0

[Event "ICS rated blitz match"]
[Site "204.178.125.65"]
[Date "2000.02.18"]
[Round "?"]
[White "Bannon"]
[Black "Hossa"]
[Result "0-1"]
[WhiteElo "2073"]
[BlackElo "2369"]
[PlyCount "96"]

1. e4 e5 2. f4 exf4 3. Nf3 g5 4. h4 g4 5. Ne5 Nf6 6. d4 d6 7. Nd3 Nxe4 8. Bxf4
Qe7 9. Qe2 Nc6 10. c3 Bf5 11. Nd2 O-O-O 12. Nf2 Nxd2 13. Kxd2 g3 14. Nd3 Rg8
15. Re1 Re8 16. Qxe7 Nxe7 17. Be2 Nd5 18. Bg4 Rxe1 19. Bxf5+ Re6 20. Bxh7 Rg4
21. Bf5 Rxf4 22. Bxe6+ fxe6 23. Nxf4 Nxf4 24. h5 Bh6 25. Kc2 Nxg2 26. Rg1 Ne3+
27. Kd3 g2 28. Ke4 Kd7 29. b3 a5 30. Kf3 c5 31. Kf2 cxd4 32. cxd4 Kc6 33. Rc1+
Kd5 34. Rc7 Bf4 35. Rxb7 Bh2 36. Rg7 g1=Q+ 37. Rxg1 Bxg1+ 38. Kxg1 Ng4 39. Kg2
Nf6 40. h6 Kxd4 41. Kg3 Ke5 42. a3 Kf5 43. b4 axb4 44. axb4 Kg6 45. h7 Kxh7 46.
b5 Nd5 47. Kf3 e5 48. Ke4 Nc3+ 0-1

[Event "ICS rated blitz match"]
[Site "204.178.125.65"]
[Date "2000.02.18"]
[Round "?"]
[White "Hossa"]
[Black "QueenMaxima"]
[Result "1-0"]
[WhiteElo "2374"]
[BlackElo "2379"]
[PlyCount "163"]

1. e4 c5 2. Nf3 d6 3. d4 cxd4 4. Nxd4 Nf6 5. Nc3 a6 6. Be2 e5 7. Nb3 Nc6 8. Bg5
Be7 9. Qd2 h6 10. Bxf6 Bxf6 11. Rd1 Nb4 12. Nd5 Nxd5 13. Qxd5 Be7 14. Nd2 h5
15. Nc4 Rh6 16. O-O Qc7 17. Rd2 Kf8 18. Qd3 h4 19. h3 Be6 20. Ne3 Bxa2 21. b3
Bg5 22. Ra1 Bxb3 23. cxb3 Kg8 24. Nd5 Qd8 25. Rc2 Rc8 26. Rxc8 Qxc8 27. Ra2
Qc1+ 28. Qd1 Qxd1+ 29. Bxd1 Rh8 30. Rc2 Bd8 31. Bg4 g6 32. Bc8 f5 33. Bxb7 fxe4
34. Rc6 Kf7 35. Rxd6 a5 36. Ra6 Bg5 37. Rxa5 Rd8 38. b4 Rd7 39. Bc8 Rd6 40.
Ra7+ Kf8 41. Bb7 Bc1 42. Ra1 Bd2 43. b5 Kf7 44. Ra4 Ke6 45. Ra6 g5 46. Kf1 e3
47. Nxe3 Bxe3 48. Bc8+ Ke7 49. Rxd6 Kxd6 50. fxe3 Kc7 51. Bg4 Kb6 52. Bd7 Kc7
53. Bc6 Kb6 54. Ke2 e4 55. Kd2 Kc7 56. Kc3 Kb6 57. Kd4 Kc7 58. Kxe4 Kd6 59. Kf5
Kc5 60. Kxg5 Kd6 61. e4 Ke7 62. e5 Ke6 63. b6 Kxe5 64. b7 Kd6 65. b8=Q+ Kxc6
66. Qd6+ Kxd6 67. Kxh4 Kd5 68. g4 Ke6 69. Kh5 Kf6 70. g5+ Kg7 71. g6 Kg8 72. h4
Kf8 73. Kg5 Ke7 74. h5 Kf8 75. h6 Ke7 76. h7 Ke6 77. h8=Q Kd6 78. g7 Kc7 79.
g8=Q Kb7 80. Qg6 Kc7 81. Qhh7+ Kc8 82. Qgg8# 1-0

[Event "ICS rated blitz match"]
[Site "204.178.125.65"]
[Date "2000.02.18"]
[Round "?"]
[White "QueenMaxima"]
[Black "Hossa"]
[Result "1-0"]
[WhiteElo "2363"]
[BlackElo "2390"]
[PlyCount "113"]

1. d4 e6 2. Nf3 Nf6 3. Bg5 h6 4. Bh4 g5 5. Bg3 g4 6. Nfd2 d5 7. e3 c5 8. Nc3
cxd4 9. exd4 h5 10. h3 gxh3 11. Rxh3 e5 12. Rh4 e4 13. Be2 Bd7 14. Bxh5 Bh6 15.
Be2 Qb6 16. Nb3 Rh7 17. a4 Qb4 18. Be5 Ng8 19. Rh5 Nc6 20. Bf4 O-O-O 21. a5
Nce7 22. a6 b6 23. g4 f6 24. Bxh6 Nxh6 25. Qd2 Rdh8 26. Nxd5 Nxd5 27. Rxd5 Qe7
28. Qc3+ Kb8 29. Rh5 Qd6 30. g5 Nf5 31. Rxh7 Rxh7 32. gxf6 Rh1+ 33. Bf1 Bb5 34.
O-O-O Rxf1 35. Rxf1 Bxf1 36. f7 Bxa6 37. d5 Qh6+ 38. Kb1 Qf8 39. Qe5+ Nd6 40.
Nd4 Ka8 41. Ne6 Nxf7 42. Qf6 Qg8 43. Nc7+ Kb8 44. Nxa6+ Kb7 45. Nb4 Nd8 46.
Qe7+ Kc8 47. d6 Qc4 48. b3 Qf7 49. d7+ Kc7 50. Na6+ Kb7 51. Qxd8 Kxa6 52. Qc8+
Ka5 53. d8=Q e3 54. Qc5+ Ka6 55. Qdc8+ Qb7 56. Qa3+ Kb5 57. c4# 1-0

[Event "ICS rated bullet match"]
[Site "204.178.125.65"]
[Date "2000.02.18"]
[Round "?"]
[White "ghost"]
[Black "Hossa"]
[Result "1-0"]
[WhiteElo "2481"]
[BlackElo "2472"]
[PlyCount "107"]

1. e4 c6 2. d4 d5 3. Nc3 dxe4 4. Nxe4 Nf6 5. Nxf6+ exf6 6. c3 Bd6 7. Bd3 O-O 8.
Ne2 Re8 9. O-O Bg4 10. Qc2 Bxe2 11. Bxe2 Qc7 12. g3 Qd7 13. Bd3 Qh3 14. Qb3 b6
15. Qc2 g6 16. Be2 a5 17. Bf3 a4 18. Bg2 Qh5 19. Be3 a3 20. b3 Ra7 21. Rad1 Ra5
22. d5 cxd5 23. Bxb6 Rb5 24. Be3 Ra5 25. b4 Ra6 26. b5 Rxe3 27. bxa6 Re2 28.
Qa4 Nxa6 29. Rxd5 Be5 30. Qxa6 Rxa2 31. f4 Qe2 32. Qxe2 Rxe2 33. fxe5 fxe5 34.
Ra1 a2 35. Ra5 Rc2 36. R1xa2 Rxc3 37. Rxe5 Kg7 38. Re7 Rc1+ 39. Kf2 Kf6 40.
Raa7 h6 41. Rxf7+ Ke5 42. Ra5+ Ke6 43. Bd5+ Ke5 44. Re7+ Kd4 45. Re4+ Kd3 46.
Ra3+ Rc3 47. Re3+ Kd4 48. Rexc3 g5 49. Bf3 g4 50. Bg2 h5 51. Rc6 h4 52. Ra4+
Ke5 53. Ra5+ Kd4 54. Rd5# 1-0

[Event "ICS rated bullet match"]
[Site "204.178.125.65"]
[Date "2000.02.18"]
[Round "?"]
[White "Hossa"]
[Black "ghost"]
[Result "1/2-1/2"]
[WhiteElo "2456"]
[BlackElo "2497"]
[PlyCount "141"]

1. d4 d5 2. c4 e6 3. Nc3 Nf6 4. cxd5 exd5 5. Bg5 c6 6. e3 Be7 7. Bd3 Nbd7 8.
Nf3 O-O 9. O-O h6 10. Bh4 Ne4 11. Bxe7 Qxe7 12. Bxe4 dxe4 13. Nd2 Nf6 14. f3
exf3 15. Qxf3 Be6 16. Rac1 Rfe8 17. Qf2 Rac8 18. e4 Ng4 19. Qf4 Qb4 20. d5 Qd4+
21. Kh1 cxd5 22. exd5 Qxf4 23. Rxf4 Bd7 24. Nc4 Ne5 25. Nd6 Nd3 26. Nxe8 Rxe8
27. Rff1 Nxc1 28. Rxc1 Kf8 29. Kg1 Re5 30. Kf2 b5 31. b4 Ke7 32. Rd1 Kd6 33.
Kf3 f5 34. h4 Re8 35. h5 Rc8 36. Ne2 Be8 37. Ng3 Ke5 38. Rd2 Rc3+ 39. Kf2 Bd7
40. Ne2 Rc4 41. a3 Rh4 42. Nc1 Rd4 43. Rxd4 Kxd4 44. d6 Ke5 45. Nd3+ Kxd6 46.
Nf4 a6 47. Ke3 Be8 48. Kf3 Bf7 49. g4 fxg4+ 50. Kxg4 Ke5 51. Nd3+ Kd4 52. Nc5
a5 53. Nb7 axb4 54. axb4 Kc3 55. Nd6 Be6+ 56. Kf4 Kxb4 57. Ne8 Kc3 58. Nxg7 Bd7
59. Ke5 b4 60. Kf6 b3 61. Ke7 Bc6 62. Kd6 Bf3 63. Nf5 b2 64. Ke7 b1=Q 65. Nxh6
Qh7+ 66. Nf7 Bxh5 67. Kd7 Qxf7+ 68. Kd6 Kd4 69. Kc6 Bf3+ 70. Kb5 Qb3+ 71. Ka6
1/2-1/2

[Event "ICS Rated standard match"]
[Site "204.178.125.65"]
[Date "2000.02.18"]
[Round "?"]
[White "Ground-Zero"]
[Black "Hossa"]
[Result "1-0"]
[WhiteElo "2220"]
[BlackElo "2214"]
[PlyCount "121"]

1. c4 e6 2. Nc3 Nf6 3. d4 d5 4. cxd5 exd5 5. Bg5 c6 6. Qc2 Bb4 7. e3 h6 8. Bh4
g5 9. Bg3 Ne4 10. Bd3 Nxg3 11. hxg3 Qf6 12. Nge2 Nd7 13. f3 g4 14. Nf4 Qe7 15.
O-O-O Qxe3+ 16. Kb1 Bxc3 17. bxc3 Qe7 18. Rhe1 Ne5 19. Rxe5 Be6 20. Bf5 O-O-O
21. Nxe6 fxe6 22. Rxe6 Qa3 23. Rxc6+ Kb8 24. Rg6 h5 25. Qb3 Qe7 26. Re6 Qf7 27.
Re5 Rh6 28. Ka1 Rb6 29. Qc2 gxf3 30. gxf3 Qg8 31. g4 hxg4 32. fxg4 Qf7 33. Rb1
Rc6 34. g5 b6 35. g6 Qc7 36. Rc1 Qg7 37. Qh2 Rc7 38. Rce1 Kb7 39. Qh4 Rh8 40.
Qg5 Rf8 41. Re7 Rxf5 42. Qxf5 Rxe7 43. Rxe7+ Qxe7 44. Qf7 Qc7 45. Qxc7+ Kxc7
46. g7 Kd6 47. g8=Q a6 48. a4 Kc6 49. Qe6+ Kc7 50. Qxd5 a5 51. c4 Kc8 52. Qc6+
Kd8 53. d5 Ke7 54. d6+ Ke6 55. d7+ Ke7 56. Qc7 Ke6 57. d8=Q Kf5 58. Qce7 Kf4
59. Qdf8+ Kg3 60. Qeg7+ Kh3 61. Qfh8# 1-0

[Event "ICS rated standard match"]
[Site "204.178.125.65"]
[Date "2000.02.18"]
[Round "?"]
[White "Hossa"]
[Black "prg3"]
[Result "1-0"]
[WhiteElo "2213"]
[BlackElo "2199"]
[PlyCount "43"]

1. d4 d5 2. Nf3 Nf6 3. c4 c6 4. e3 Bf5 5. Bd3 Bxd3 6. Qxd3 e6 7. O-O Nbd7 8.
cxd5 exd5 9. Nc3 Bd6 10. e4 dxe4 11. Nxe4 Nxe4 12. Qxe4+ Qe7 13. Qg4 Qf8 14.
Re1+ Kd8 15. Bf4 Bxf4 16. Qxf4 f6 17. Re2 Nb6 18. Qg3 Nd5 19. Rae1 Rg8 20. Nd2
Rc8 21. Ne4 b6 22. Nd6 1-0

[Event "ICS rated standard match"]
[Site "204.178.125.65"]
[Date "2000.02.18"]
[Round "?"]
[White "prg3"]
[Black "Hossa"]
[Result "1/2-1/2"]
[WhiteElo "2184"]
[BlackElo "2228"]
[PlyCount "164"]

1. d4 d5 2. c4 e6 3. Nc3 Nf6 4. cxd5 exd5 5. Bg5 c6 6. Qc2 Bb4 7. a3 Ba5 8. e3
Be6 9. Nf3 h6 10. Bh4 g5 11. Bg3 Ne4 12. b4 Nxg3 13. hxg3 Bc7 14. Bd3 Qf6 15.
Rc1 Nd7 16. Na4 g4 17. Nh4 Qg5 18. O-O Bd6 19. Nc5 Nxc5 20. bxc5 Bc7 21. Rb1
Rb8 22. Rb3 Qf6 23. Rfb1 Bc8 24. Ba6 b5 25. cxb6 axb6 26. Bb5 Bd7 27. Rc1 Bxg3
28. fxg3 cxb5 29. Qf2 Qxf2+ 30. Kxf2 Kd8 31. Ke2 Rc8 32. Rxc8+ Kxc8 33. Rc3+
Kb8 34. Kd3 Re8 35. Rc1 Kb7 36. Rf1 Ra8 37. Rxf7 Rxa3+ 38. Kd2 Ra2+ 39. Kc3 Kc6
40. Ng6 Be6 41. Ne5+ Kd6 42. Rb7 Ra3+ 43. Kd2 Ra6 44. Kc3 h5 45. Kb4 Bc8 46.
Rh7 Ra2 47. Rxh5 Rb2+ 48. Kc3 Rxg2 49. Kb4 Rb2+ 50. Kc3 Re2 51. Rh6+ Be6 52.
Nxg4 Rg2 53. Kb4 Rxg3 54. Ne5 Rxe3 55. Kxb5 Rb3+ 56. Ka4 Rb1 57. Nc6 Kxc6 58.
Rxe6+ Kd7 59. Rh6 Kc7 60. Rg6 Rb2 61. Rh6 Kd7 62. Rg6 Ke7 63. Rh6 Rb1 64. Rg6
b5+ 65. Ka5 b4 66. Ka4 b3 67. Ka3 Kd7 68. Rb6 Rc1 69. Rxb3 Rc2 70. Rb4 Ke6 71.
Kb3 Rc1 72. Kb2 Rc6 73. Rb8 Rc7 74. Re8+ Kd6 75. Rh8 Kc6 76. Kc3 Kd6+ 77. Kd3
Re7 78. Rh6+ Re6 79. Rh5 Rf6 80. Rh3 Re6 81. Rh5 Rf6 82. Rh3 Re6 1/2-1/2

[Event "ICS rated standard match"]
[Site "204.178.125.65"]
[Date "2000.02.18"]
[Round "?"]
[White "Hossa"]
[Black "RostigeFluegel"]
[Result "0-1"]
[WhiteElo "2226"]
[BlackElo "1845"]
[PlyCount "130"]

1. c4 Nf6 2. Nc3 c5 3. Nf3 e6 4. g3 Nc6 5. Bg2 Be7 6. O-O d5 7. cxd5 Nxd5 8. d4
Nxc3 9. bxc3 O-O 10. e4 cxd4 11. cxd4 b6 12. d5 exd5 13. exd5 Nb4 14. Ne5 Bf6
15. Re1 Bb7 16. Ba3 Re8 17. Bxb4 Rxe5 18. Rb1 Rxe1+ 19. Bxe1 Qd7 20. Qd3 Rd8
21. Rd1 Qa4 22. Rd2 Ba6 23. Qb3 Qxb3 24. axb3 Re8 25. Rd1 Be2 26. Rc1 Be7 27.
Rc7 Bd1 28. Rxa7 Bxb3 29. Bd2 Bc5 30. Rd7 Kf8 31. Bf3 Ra8 32. Kg2 Ke8 33. Rc7
Ra2 34. Be1 Bc4 35. g4 Ra1 36. Bc3 Bf1+ 37. Kg3 Bd6+ 38. Kh4 Ra3 39. Rc6 Bc5
40. Bxg7 Rxf3 41. Be5 Bxf2+ 42. Kh5 Ba6 43. Kh6 Bb7 44. Rc3 Bxd5 45. Kxh7 Rxc3
46. Bxc3 Bf3 47. g5 Ke7 48. Kh6 Ke6 49. Bd2 b5 50. Kg7 Bc5 51. Kh6 b4 52. h4 b3
53. Bc3 Ba3 54. g6 Bc1+ 55. Kg7 fxg6 56. Kxg6 b2 57. Bxb2 Bxb2 58. Kg5 Bc1+ 59.
Kg6 Bd2 60. Kg7 Bh5 61. Kf8 Kf6 62. Kg8 Bf4 63. Kh7 Kf7 64. Kh8 Bg6 65. h5 Be5#
0-1

[Event "ICS rated bullet match"]
[Site "204.178.125.65"]
[Date "2000.02.19"]
[Round "?"]
[White "FifthAvenue"]
[Black "Hossa"]
[Result "0-1"]
[WhiteElo "2349"]
[BlackElo "2458"]
[PlyCount "130"]

1. d3 d5 2. Nf3 e6 3. e3 Nf6 4. Be2 Bd6 5. O-O O-O 6. Nbd2 Bd7 7. b3 c5 8. a3
Nc6 9. Bb2 Ng4 10. c4 Qc7 11. h3 Nh2 12. Nxh2 Bxh2+ 13. Kh1 Bd6 14. Qc2 Rfd8
15. Rad1 Rac8 16. Rfe1 d4 17. e4 Bf4 18. Nf1 Qd6 19. Bc1 Bxc1 20. Qxc1 f6 21.
Qc2 e5 22. Qc1 b6 23. Rd2 a6 24. Qd1 g6 25. Bg4 Bxg4 26. Qxg4 Rc7 27. Ng3 Rcd7
28. Rf1 Na5 29. Rb2 b5 30. f4 Nc6 31. f5 Rg7 32. Qf3 Rf7 33. Qg4 Ne7 34. fxg6
hxg6 35. Nf5 Nxf5 36. exf5 g5 37. Rbf2 bxc4 38. bxc4 Rb7 39. Qe4 Rb3 40. Qf3
Rxa3 41. Qb7 Rxd3 42. Qe4 Rc3 43. Qg4 Rxc4 44. Rf3 Rb4 45. Ra3 Rb2 46. Ra5 Qb6
47. Raa1 c4 48. Rae1 c3 49. Rg1 Qb5 50. Qh5 Qb6 51. Qg6+ Kf8 52. Qh6+ Ke8 53.
Qh7 d3 54. Qg8+ Kd7 55. Qg7+ Kc8 56. Qe7 Rh8 57. Qe6+ Qxe6 58. fxe6 a5 59. e7
Re8 60. Rb1 Rc2 61. Rbc1 Rxc1 62. Rxc1 c2 63. Rxc2+ dxc2 64. Kh2 c1=Q 65. Kg3
Qf4# 0-1

[Event "ICS rated standard match"]
[Site "204.178.125.65"]
[Date "2000.02.19"]
[Round "?"]
[White "prg3"]
[Black "Hossa"]
[Result "0-1"]
[WhiteElo "2172"]
[BlackElo "2223"]
[PlyCount "42"]

1. d4 c6 2. c4 Nf6 3. Nc3 d6 4. e4 Nbd7 5. Nf3 e5 6. Be3 Ng4 7. Bg5 Be7 8. Bxe7
Qxe7 9. Be2 O-O 10. O-O f5 11. exf5 Rxf5 12. dxe5 Ndxe5 13. Nxe5 Nxe5 14. Qd4
Be6 15. Rae1 Qf6 16. Qxd6 Nxc4 17. Qc7 Rf8 18. Ne4 Qd4 19. Bg4 Re5 20. Bxe6+
Rxe6 21. b3 Nd2 0-1

[Event "ICS rated standard match"]
[Site "204.178.125.65"]
[Date "2000.02.19"]
[Round "?"]
[White "Hossa"]
[Black "prg3"]
[Result "1/2-1/2"]
[WhiteElo "2237"]
[BlackElo "2158"]
[PlyCount "71"]

1. d4 d5 2. c4 c6 3. cxd5 cxd5 4. Nf3 Nf6 5. e3 Nc6 6. Bd3 Bg4 7. h3 Bh5 8. Nc3
e6 9. O-O Bd6 10. Bd2 O-O 11. Nb5 Bb8 12. Rc1 Qe7 13. Nc3 Bd6 14. Re1 Rac8 15.
Nb5 Bb8 16. Qb3 Rfd8 17. Qa3 Qxa3 18. Nxa3 Kf8 19. Nc2 Bd6 20. b4 Ne4 21. Bxe4
dxe4 22. Ng5 Bg6 23. b5 Ne7 24. h4 h6 25. Nh3 Bf5 26. Ba5 b6 27. Bb4 Rxc2 28.
Bxd6 Rxc1 29. Bxe7+ Kxe7 30. Rxc1 Bxh3 31. gxh3 Rd5 32. Rc7+ Rd7 33. Rc8 Rd8
34. Rc7+ Rd7 35. Rc8 Rd8 36. Rc7+ 1/2-1/2